Welche Stadt liegt näher an Berlin? - Statistiken

Allgemein
  • Dieses Quiz wurde 96 mal gespielt
    76 seit der letzten Aktualisierung
  • Das Durchschnittsergebnis liegt bei 13 aus 15
Antwortstatistiken
Frage Antwort % Korrekt
Magdeburg oder Saarbrücken Magdeburg
100%
Rostock oder Köln Rostock
100%
Hamburg oder München Hamburg
99%
Dresden oder Nürnberg Dresden
97%
Dresden oder Düsseldorf Dresden
97%
Freiburg oder Lübeck Lübeck
97%
Graz oder Kopenhagen Kopenhagen
89%
Zürich oder Wien Wien
89%
Frankfurt am Main oder Prag Prag
86%
Warschau oder Stuttgart Warschau
84%
Hannover oder Leipzig Leipzig
82%
Poznań oder Salzburg Poznań
79%
Bremen oder Erfurt Erfurt
75%
Amsterdam oder Brüssel Amsterdam
74%
Brno oder Basel Brno
71%
Keine übereinstimmenden Quizze gefunden
Verteilung der Resultate
Anzahl Personen mit jedem Resultat
Perzentil nach korrekt beantworteten Fragen
Ihre Resultats-Entwicklung
Sie haben dieses Quiz seit der letzten Aktualisierung nicht gespielt